000 01312cam a2200505 4500500
005 20260405004103.0
041 _afre
042 _adc
100 1 0 _aRobert, Joséphine
_eauthor
245 0 0 _aBruce Albert : “Les chamans, diplomates cosmologiques”
260 _c2022.
500 _a77
690 _aActivisme
690 _aAmazonie
690 _aAmérindiens
690 _aAmérique du Sud
690 _aAnimisme
690 _aAnthropologie
690 _aArbre
690 _aBolsonaro
690 _aBrésil
690 _aBruce Albert
690 _aChaman
690 _aChamanisme
690 _achant
690 _aCivilisation
690 _aCosmos
690 _aCulture
690 _aEngagement
690 _aEsthétique
690 _aEthnologie
690 _aforêt
690 _aLangues
690 _aMythes
690 _aNature
690 _aPeuple
690 _aRationalisme
690 _aReprésentation
690 _aRituel
690 _aTradition
690 _aVivant
690 _aVoyage
786 0 _nPhilosophie magazine - Hors séries | Hors-série - Pritemps-été 2022 | HS53 | 2022-04-01 | p. 34-37 | 2104-9246
856 4 1 _uhttps://shs.cairn.info/magazine-philosophie-magazine-2022-3-6-page-34?lang=fr&redirect-ssocas=7080
999 _c2073597
_d2073597